Movies Quiz

Random Movies or Actress Quiz

Film Cast - Mean Girls Quiz Stats

 Plays Quiz not verified by Sporcle

Challenge
Share
Tweet
Embed
Score 0/10 Timer 06:00
0 Plays Today
Character Actor/Actress % Correct
Cady HeronLindsay Lohan
99.2%
Regina GeorgeRachel McAdams
93.8%
Sharon NorburyTina Fey
91.5%
Karen SmithAmanda Seyfried
86%
Gretchen WienersLacey Chabert
68.2%
Mrs. GeorgeAmy Poehler
65.1%
Ron DuvallTim Meadows
55%
Janis IanLizzy Caplan
53.5%
Aaron SamuelsJonathan Bennett
31%
DamianDaniel Franzese
27.1%

You're not logged in!

Compare scores with friends on all Sporcle quizzes.
OR
Log In

You Might Also Like...

Show Comments

Extras

Top Quizzes Today


Score Distribution

Your Account Isn't Verified!

In order to create a playlist on Sporcle, you need to verify the email address you used during registration. Go to your Sporcle Settings to finish the process.

Report this User

Report this user for behavior that violates our Community Guidelines.

Details: